00853nam a22001097a 4500040000800000082002700008100004700035245052200082260002600604300002600630856008700656 cRUA aAGR CHH 2014 B541 Or.1 aCHHANN VIBOL; ឆាន់ វិបុល aComparison of different nitrogen rates combined with phosphorus and potassium on rice under rainy season conditions at the royal university of agriculture, ប្រៀបធៀបបរិមាណជីអាំសូតផ្សេងៗគ្នារួមផ្សំជាមួយផូស្វ័រ និងប៉ូតាស្យូមក្នុងលក្ខខណ្ឌស្រូវរដូវវស្សានៅសាកលវិទ្យាល័យភូមិន្ទកសិកម្ម aPhnom PenhbCHHc2014 axii,61p.bill.c29cm. uhttps://drive.google.com/file/d/1cV9BeHVfVoF5ioQoVVwQfIVW8VfgoJAG/view?usp=sharing